| 000 | 004260000a22001690004500 | ||
|---|---|---|---|
| 003 | LK-CoMWRAF | ||
| 008 | 230817t ||||| |||| 00| 0 eng d | ||
| 020 | _a0761995404 | ||
| 040 |
_aLK-CoMWRAF _dLK-CoMWRAF _eLK-CoMWRAF |
||
| 041 | _aeng | ||
| 082 |
_a335 _bMAN |
||
| 245 |
_aWomen,War and Peace in South Asia _b |
||
| 260 |
_aNew Delhi _bSage _c2001 |
||
| 300 | _ap.304 | ||
| 650 | _aWomen in Conflict Women - SL | ||
| 942 | _cBK | ||
| 999 |
_c596 _d596 |
||